Pirates of the Carribbean- All Main Characters - Statistics

General Stats
  • This quiz has been taken 320 times
  • The average score is 9 of 15
Answer Stats
Name % Correct
Cpt. Jack Sparrow/Jack the Sparrow
99%
Cpt. William 'Will' Turner Jr.
89%
Cpt. Hector Barbossa
83%
Elizabeth Turner (née Swann)
82%
Cpt. David 'Davy' Jones
78%
First Mate Joshamee Gibbs
72%
Cpt. Edward Teach/Blackbeard
59%
Col. James Norrington
51%
William Turner Sr./Bootstrap Bill
51%
Calypso/Tia Dalma
47%
Angelica Teach
45%
Cpt. Armando Salazar
42%
Lord Cutler Beckett
42%
Henry Turner
31%
Carina Barbossa (Smyth)
23%
No matching quizzes found
Score Distribution
Percent of People with Each Score
Percentile by Number Answered
Your Score History
You have not taken this quiz